| 000 | 00704nam a2200193Ia 4500 | ||
|---|---|---|---|
| 003 | LDD | ||
| 008 | 190117s9999 xx 000 0 und d | ||
| 020 |
_a9789381923450 _c₹250 |
||
| 040 | _cLDD | ||
| 041 | _ahi | ||
| 082 | _a8H3.7 शु1166उ | ||
| 100 | _aशुक्ल, वंदना | ||
| 245 | 0 |
_aउड़ानों के सारांश _cवंदना शुक्ल |
|
| 260 |
_aगाज़ियाबाद | _bअंतिका प्रकाशन _c2013 |
||
| 300 | _a143p. | ||
| 901 | _aP | ||
| 904 | _aReqst by : Jitendra Kumar Srivastava | ||
| 942 |
_2ddc _cH |
||
| 999 |
_c171937 _d171937 |
||